Aristotle XXI: Politics

Đã lưu trong:
Bibliografiske detaljer
Hovedforfatter: Aristotle XXI: Politics
Format: Bog
Sprog:Undetermined
Udgivet: London Harvard Univ 1977
Fag:
Tags: Tilføj Tag
Ingen Tags, Vær først til at tagge denne postø!
Thư viện lưu trữ: Trung tâm Học liệu Trường Đại học Cần Thơ
LEADER 00508nam a2200181Ia 4500
001 CTU_18237
008 210402s9999 xx 000 0 und d
082 |a 185 
082 |b A716 
100 |a Aristotle XXI: Politics 
245 0 |a Aristotle XXI: Politics 
245 0 |c Aristotle XXI: Politics; Dịch giả: H Rackham 
260 |a London 
260 |b Harvard Univ 
260 |c 1977 
650 |a phylosophy, ancient 
904 |i Minh, 970820 
980 |a Trung tâm Học liệu Trường Đại học Cần Thơ